书目信息 |
| 题名: |
CMOS集成电路设计
|
|
| 作者: | 陈贵灿 编著 | |
| 分册: | ||
| 出版信息: | 西安 西安交通大学出版社 2000 |
|
| 页数: | 319页 | |
| 开本: | 26cm | |
| 丛书名: | ||
| 单 册: | ||
| 中图分类: | TN431.1 | |
| 科图分类: | ||
| 主题词: | 模拟集成电路--电路设计--英文 | |
| 电子资源: | ||
| ISBN: | 7-5605-1148-1 | |
| 000 | 00634nam0 2200217 45 | |
| 001 | 03000030509 | |
| 005 | 20050913165946.71 | |
| 010 | @a7-5605-1148-1@dCNY25.00 | |
| 100 | @a20010425e20022000ekmy0chiy0120 ea | |
| 101 | 0 | @achi |
| 102 | @aCN@b610000 | |
| 105 | @aak z 000yy | |
| 200 | 1 | @aCMOS集成电路设计@ACMOS ji cheng dian lu she ji@f陈贵灿等编@Fchen gui can deng bian |
| 210 | @a西安@c西安交通大学出版社@d2000 | |
| 215 | @a319页@c图@d26cm | |
| 606 | 0 | @a模拟集成电路@x电路设计@j英文 |
| 610 | 0 | @aCMOS |
| 690 | @aTN431.1@v4 | |
| 701 | 0 | @a陈贵灿@Achen gui can@4编著 |
| 801 | 0 | @aCN@bTSSF@c20050913 |
| 905 | @a10447@dTN431.1@e92 | |
| CMOS集成电路设计/陈贵灿等编.-西安:西安交通大学出版社,2000 |
| 319页:图;26cm |
| ISBN 7-5605-1148-1:CNY25.00 |
| ● |
| 相关链接 |
|
|
|
|
正题名:CMOS集成电路设计
索取号:TN431.1/92
 
预约/预借
| 序号 | 登录号 | 条形码 | 馆藏地/架位号 | 状态 | 备注 |
| 1 | 0360860 | 3608607 | 第二样本阅览室/ [索取号:TN431.1/92] | 在馆 | |
| 2 | 0360861 | 3608616 | 第三借阅区/ [索取号:TN431.1/92] | 在馆 | |
| 3 | 0360862 | 3608625 | 第三借阅区/ [索取号:TN431.1/92] | 在馆 |